Thermal transmission measurements of insulation : (Record no. 159018)

MARC details
000 -LEADER
fixed length control field 01186cam a2200277 i 4500
008 - FIXED-LENGTH DATA ELEMENTS--GENERAL INFORMATION
fixed length control field
090 ## - LOCALLY ASSIGNED LC-TYPE CALL NUMBER (OCLC); LOCAL CALL NUMBER (RLIN)
Classification number (OCLC) (R) ; Classification number, CALL (RLIN) (NR) TA401
003 - CONTROL NUMBER IDENTIFIER
control field
005 - DATE AND TIME OF LATEST TRANSACTION
control field 20230123134036.0
040 ## - CATALOGING SOURCE
Transcribing agency NUST
049 ## - LOCAL HOLDINGS (OCLC)
Holding library MAIN
111 2# - MAIN ENTRY--MEETING NAME
Meeting name or jurisdiction name as entry element Symposium on Heat Transmission Measurements
Date of meeting or treaty signing (1977 :
Location of meeting Philadelphia, Pa.)
245 10 - TITLE STATEMENT
Title Thermal transmission measurements of insulation :
Remainder of title a symposium
Statement of responsibility, etc. sponsored by ASTM Committee C-16 on Thermal and Cryogenic Insulating Materials, American Society for Testing and Materials, Philadelphia, Pa., 19-20 Sept. 1977 ; R. P. Tye, editor.
260 ## - PUBLICATION, DISTRIBUTION, ETC.
Place of publication, distribution, etc. Philadelphia, Pa. :
Name of publisher, distributor, etc. American Society for Testing and Materials,
Date of publication, distribution, etc. 1978.
300 ## - PHYSICAL DESCRIPTION
Extent [9], 451 p. :
Other physical details ill. ;
Dimensions 24 cm.
490 1# - SERIES STATEMENT
Series statement ASTM special technical publication ;
Volume/sequential designation no.660.
504 ## - BIBLIOGRAPHY, ETC. NOTE
Bibliography, etc. note Includes bibliographical references.
500 ## - GENERAL NOTE
General note Includes index.
650 #0 - SUBJECT ADDED ENTRY--TOPICAL TERM
Topical term or geographic name entry element Insulation (Heat)
General subdivision Testing.
650 #0 - SUBJECT ADDED ENTRY--TOPICAL TERM
Topical term or geographic name entry element Insulating materials
General subdivision Testing.
650 #0 - SUBJECT ADDED ENTRY--TOPICAL TERM
Topical term or geographic name entry element Heat
General subdivision Transmission.
700 1# - ADDED ENTRY--PERSONAL NAME
Personal name Tye, R. P.
Fuller form of name (Ronald Phillip)
710 2# - ADDED ENTRY--CORPORATE NAME
Corporate name or jurisdiction name as entry element ASTM Committee C-16 on Thermal and Cryogenic Insulating Materials.
907 ## - LOCAL DATA ELEMENT G, LDG (RLIN)
a .b10168758
b 29-11-05
c 20-07-05
942 ## - ADDED ENTRY ELEMENTS (KOHA)
Koha item type Ordinary Loan Books
Call number prefix TA401
Holdings
Date last seen Total Checkouts Full call number Barcode Cost, replacement price Price effective from Koha item type Lost status Source of classification or shelving scheme Damaged status Not for loan Collection Withdrawn status Home library Current library Shelving location Date acquired Cost, normal purchase price
01/23/2023 1 TA401 SYM 92003022245 80.00 01/23/2023 BOOKS   LCC     NFIC   MAIN MAIN GEN 01/23/2023 80.00